000 00640nam a2200229 a 4500
001 46490
003 BD-RjUL
005 20211209054147.0
008 160802s1959 nyua b 000 0 eng d
035 _a(BD-RjUL)46608
040 _aBD-RjUL
_beng
_cANL
_dBD-RjUL
041 _aeng
082 0 4 _a342.73
_223
_bTRA 1959
100 1 _aTresolini, Rocco J.
_9141863
245 1 0 _aAmerican constitutional law /
_cRocco J.Tresolini.
260 _aNew York,
_bMacmillan
_c1959
300 _axxx , 673 p. :
_bill. ;
_c25 cm.
504 _aIncludes Index
650 0 _aConstitutional Law
_zUnited States.
_9140060
942 _2ddc
_cBK
999 _c46490
_d46490